| 000 | 00000cas 2200000zi 4500 |
| 001 | 9.936165 |
| 003 | CaOODSP |
| 005 | 20260330085303 |
| 006 | m o d f |
| 007 | cr cn |||||||| |
| 008 | 240328c20129999picar p o f0###b0fre|d |
| 022 | |a2818-288X |
| 040 | |aCaOODSP|bfre|erda|cCaOODSP |
| 043 | |an-cn--- |
| 086 | 1 |aV97-5F-PDF |
| 110 | 1 |aCanada. |bTribunal des anciens combattants (révision et appel), |eauteur, |eorganisme de publication. |
| 222 | 0|aÉtats financiers prospectifs |b(Canada. Tribunal des anciens combattants (révision et appel)) |
| 245 | 10|a... états financiers prospectifs / |cTribunal dans anciens combattants (révision et appel). |
| 246 | 13|aNotes complémentaires aux états prospectifs (non vérifiés) |
| 264 | 1|a[Charlottetown, Île-du-Prince-Édouard] : |bTribunal des anciens combattants (révision et appel), |c[2012]- |
| 310 | |aAnnuel, |b2024- |
| 321 | |aAnnuel, |b2012-2016 |
| 321 | |aBiennal, |b2020-2022 |
| 336 | |atexte|btxt|2rdacontent/fre |
| 337 | |ainformatique|bc|2rdamedia/fre |
| 338 | |aressource en ligne|bcr|2rdacarrier/fre |
| 362 | 1 |aParaît depuis : 2011/2012. |
| 500 | |aPublié aussi en anglais sous le titre : ... future-oriented financial statements. |
| 500 | |aTitre fourni à partir du site Web (de l’éditeur). |
| 500 | |aLes livraisons sont disponibles seulement en HTML sauf pour 2023/2024. |
| 588 | |aDescription d'après : 2023/2024. |
| 588 | |aDernière livraison consultée : 2024/2025. |
| 610 | 16|aCanada. |bTribunal des anciens combattants (révision et appel) |xCrédits budgétaires et dépenses|vPériodiques. |
| 650 | 6|aFinances publiques|zCanada|xPrévision|vPériodiques. |
| 655 | 7|aPériodiques|2rvmgf |
| 775 | 08|t... future-oriented financial statements / |w(CaOODSP)9.936131 |
| 856 | 40|qHTML|ss.o.|uhttps://vrab-tacra.gc.ca/fr/propos-nous/plans-et-rapports/etats-financiers-prospectifs |